Microsoft IIS 6 kompletní průvodce
Uložené v:
| Hlavný autor: | |
|---|---|
| Ďalší autori: | , |
| Médium: | Kniha |
| Jazyk: | Czech |
| Vydavateľské údaje: |
Brno
Computer Press
2004
|
| Edícia: | Administrace
|
| Predmet: | |
| Tagy: |
Žiadne tagy, Buďte prvý, kto otaguje tento záznam!
|
MARC
| LEADER | 00000nam$a2200000$$$4500 | ||
|---|---|---|---|
| 001 | 0034691 | ||
| 005 | 20240201121504.9 | ||
| 020 | |a 80-251-0128-2 | ||
| 041 | 0 | |a cze | |
| 044 | |a CZ | ||
| 245 | 1 | 0 | |a Microsoft IIS 6 |b kompletní průvodce |c Hethe Henrickson, Scott Hofmann ; překlad: Jiří Penc ... [et al.] |
| 264 | 1 | |a Brno |b Computer Press |c 2004 | |
| 300 | |a 634 s. | ||
| 490 | 1 | |a Administrace | |
| 830 | 0 | |a Administrace | |
| 610 | 2 | 0 | |a softvér |
| 610 | 2 | 0 | |a servery |
| 100 | 1 | |a Henrickson, Hethe | |
| 700 | 1 | |a Hofmann, Scott | |
| 700 | 1 | |a Penc, Jiří | |